[Event "ARG-ch"]
[Site "Buenos Aires"]
[Date "1998.04.22"]
[Round "7"]
[White "Seminara, Juan Pablo"]
[Black "Soppe, Guillermo"]
[Result "1-0"]
[WhiteElo "2320"]
[BlackElo "2455"]
[Annotator "Mueller,Karsten"]
[PlyCount "125"]
[EventDate "1998.04.15"]
[EventType "tourn"]
[EventRounds "15"]
[EventCountry "ARG"]
[EventCategory "9"]
[SourceTitle "CBM 065"]
[Source "ChessBase"]
[SourceDate "1998.08.06"]
[SourceVersion "1"]
[SourceVersionDate "1998.08.06"]
[SourceQuality "1"]

1. e4 {Hecht} d5 2. exd5 Qxd5 3. Nc3 Qa5 4. d4 Nf6 5. Nf3 Bf5 6. Bc4 e6 7. Bd2
c6 8. Ne4 Qc7 (8... Qd8 $6 9. Ng3 {"Hiernach erweist sich der Rückzug 8..Dd8?!
als entwicklungstechnisch kontraproduktiv. Schwarz hat nun die Wahl, sich
entweder mit 9..Lg4 von seinem Läuferpaar zu trennen oder nach 9..Lg6 eine
gefährliche Initiative zuzulassen."(Wahls in CBM 57) Zum Beispiel} Bg6 10. h4
Nh5 11. Qe2 Nd7 12. O-O-O Bd6 13. Ne5 Nxg3 14. fxg3 Bxe5 15. dxe5 h5 16. Bb4
$16 {P.Svidler-Oll,Ter Apel 1996.}) (8... Qb6 $5 9. Ng3 (9. Nxf6+ gxf6 10. Bc3
$6 Nd7 11. Qe2 O-O-O 12. O-O-O Qc7 13. g3 Bg4 14. h3 Bh5 15. g4 $6 Bg6 $11 {
Erler,R-Ochs,H/BL2-O 1995/BL2/0-1 (46)}) 9... Bg4 10. Bb3 a5 (10... Bxf3 $5 11.
Qxf3 Qxd4 12. O-O-O Nbd7 $44) 11. c3 a4 (11... Bxf3 $5 12. gxf3 Nbd7 $132) 12.
Bxa4 Qxb2 $6 13. Rb1 $14 {Benjamin,J-Waitzkin,J/NY op 1998/CBM 64/[Mueller,
Karsten]/1-0 (45)}) 9. Nxf6+ (9. Ng3 {"Im Vergleich zu 8..Dd8?! 9.Sg3 besitzt
Schwarz nun ein wertvolles Mehrtempo."(Wahls)} Bg6 10. h4 Nh5 11. Ne5 Nxg3 12.
fxg3 Nd7 13. Bf4 Nxe5 14. Bxe5 Bd6 15. Qe2 h5 16. O-O-O Bf5 17. Qe3 {soweit I.
Glek-M.Wahls, Bundesliga 1997} {und nun hätte laut Wahls "am allereinfachsten
einer jener sogenannten "Häßlichen Turmzüge" den Ausgleich herbeigeführt":} Rg8
$1 18. Bxd6 Qxd6 19. Be2 g6 20. Kb1 O-O-O $11) 9... gxf6 10. c3 (10. Nh4 Bg6
11. f4 (11. Nxg6 hxg6 12. g3 Bd6 13. Qf3 Nd7 14. O-O-O O-O-O $11 {1-0
Spielmann,V-Nunheim,F/PF-op Bellheim 1994/GER 09 (30)}) 11... Be4 12. f5 exf5
13. Qh5 $44 {1-0 Jukic,B-Marinsek,T/Ljubljana op 1996/EXP 53 (28)}) (10. O-O
Nd7 11. Nh4 Bg6 12. g3 O-O-O 13. c3 Bd6 14. Qf3 Rdg8 $132 {1-0 Comp Mephisto
Portorose-Becher,H/Porz op23 1989/EXT 89op (30)}) (10. Qe2 $5 Nd7 (10... Bxc2
$6 11. Rc1 Bg6 12. d5 cxd5 13. Bb5+ Nc6 14. Nd4 $16 {(Nunn in Informator 68)})
11. O-O-O (11. Bb3 $5) 11... O-O-O 12. Nh4 Bg6 13. Bb3 c5 $1 {(Wahls in CBM 57)
} (13... Bd6 $6 14. g3 $1 Rhe8 15. Rhe1 f5 $2 16. Ng2 Kb8 $2 (16... c5 17. d5
$1 e5 18. Ba4 f6 19. c4 $14 {(Nunn)}) 17. Bf4 f6 18. Bxe6 $1 $18 {1-0
Nunn-Conquest/Hastings9697/32/}) (13... Nb6 $6 14. Qf3 Bg7 15. Bf4 Qd7 16. Rhe1
Nd5 17. Bg3 $16) 14. d5 (14. Be3 cxd4 15. Rxd4 Bc5 16. Rdd1 Bxe3+ 17. Qxe3 Nc5
18. Bc4 $5 Bh5 $5 {"und Schwarz spielt munter mit."(Wahls)}) 14... Nb6 $1 15.
Nxg6 (15. dxe6 $2 c4 $17) (15. Ba5 $4 Qf4+ $17) 15... hxg6 16. Ba5 e5 17. c4
Bd6 18. h4 (18. Bc2 Rh4) 18... f5 {CBM 57- 8.Se4/ Survey 1997/CBM 57/[Wahls]
"und Schwarz kann mit dem Erreichten zufrieden sein."(Wahls)}) 10... Nd7 11.
Nh4 Bg6 12. O-O (12. Qe2 O-O-O 13. g3 (13. f4 f5 14. g3 Be7 15. Ng2 Nf6 $132 {
Feigin,M-Zvara,P/Ceske Budejovice op 1995/EXT 95op/1-0 (52)}) 13... c5 $1 {
"ist mit Abstand die aktivste Fortsetzung und zwingt Weiß zu umsichtigem
Spiel" (Wahls)} (13... Nb6 14. Bb3 c5 15. Nxg6 hxg6 16. dxc5 Bxc5 17. h4 Nd5
18. O-O-O $14 {Psakhis,L-Mellado,J/Manresa Terres Catalanes (8) 1996/CBM 56/
1-0 (68)}) (13... e5 14. f4 exf4 15. Bxf4 Bd6 16. O-O $14 {Bologan,V-Von
Gleich,A/Riga op 1995/EXT 95op/1-0 (56)}) 14. Be3 cxd4 15. Bxd4 Ne5 16. Bxe5
fxe5 $11) 12... Bd6 13. f4 O-O-O 14. Qe2 f5 15. Bd3 Nf6 16. c4 $6 {ein äußerst
verpflichtender Zug} Kb8 17. Kh1 Ka8 18. Rac1 Rhg8 19. Qe1 Bh5 20. d5 $2 (20.
c5 Be7 21. Ba5 b6 22. cxb6 axb6 23. Bb4 Nd5 24. Bxe7 Nxe7 25. Qb4 {ist nicht
so klar besser für Schwarz wie die Partie.}) 20... exd5 21. Nxf5 Bg6 22. c5 $2
(22. cxd5 {war angesagt.}) 22... Qd7 $1 23. Ba5 $6 (23. Nxd6 $5 Bxd3 24. Rg1
Rg6 $17) (23. cxd6 $2 Bxf5 24. Bxf5 Qxf5 25. Qe5 Qg4 26. g3 Ne4 $19) 23... Rde8
24. Qc3 Bxf5 25. Bxf5 Qxf5 26. cxd6 Ne4 $19 27. Qc2 Nxd6 28. Bc7 Ne4 29. b4 Qd7
({Auf} 29... Qh5 {kann noch} 30. f5 {folgen.}) 30. Be5 Re6 31. Rcd1 f5 32. a4
Reg6 33. g3 Rh6 34. Kg2 Qf7 35. Qe2 Qg6 ({sofortiges} 35... Rxh2+ $2 {schlägt
nicht durch:} 36. Kxh2 Nxg3 (36... Rxg3 37. Qxe4) 37. Qf3 $1 (37. Qg2 $2 Qh5+
38. Kg1 (38. Qh3 Qe2+ $19) 38... Ne2+ 39. Kf2 Qh4+ $19) 37... Qg6 (37... Nxf1+
38. Rxf1 Rg4 39. Qh3) 38. Rf2 Qh6+ 39. Kg1 Ne2+ 40. Kf1 Ng3+ 41. Kg1 {und die
Verteidigung hält jeweils stand.}) 36. Rd3 $2 (36. Qf3 $1) 36... Rh4 ({Nun
hätte} 36... Rxh2+ $1 {allerdings zum Erfolg geführt:} 37. Kxh2 Nxg3 38. Qf3 (
38. Rxg3 $2 Qxg3+ 39. Kh1 Qh3+ 40. Qh2 Qxf1+ 41. Qg1 Qxg1#) 38... Qh6+ 39. Kg1
(39. Kg2 Ne4+ $19) 39... Qh3 $19) 37. b5 c5 $6 (37... Rxh2+ $19) 38. a5 $1 {
Auf einmal hat sich auch um den schwarzen König ein Netz gebildet, das nicht
so leicht zu durchtrennen ist. Daher ist nun große Umsicht geboten.} Rg4 $2 (
38... Rxh2+ $1 39. Kxh2 Nxg3 40. Qf3 Qh6+ 41. Kg1 Qh3 42. Bf6 (42. Rd2 Nxf1+
$19) 42... Nxf1+ 43. Bg5 Qxf3 44. Rxf3 h6 $19) 39. Rff3 d4 40. Ra3 h5 41. a6 b6
42. Qa2 Rd8 $8 43. h3 $1 d3 44. hxg4 d2 45. Rad3 $5 (45. gxf5 d1=Q 46. fxg6
Rd2+ 47. Qxd2 Qxd2+ 48. Kh3 Qd1 49. Kg2 Qd2+ $11) 45... d1=Q 46. Rxd1 Rxd1 47.
gxf5 $5 (47. gxh5 Qg4 48. Qe6 Rd2+ 49. Kg1 Rd1+ $11) 47... Qg4 48. Re3 Rd2+ (
48... h4 $2 {[%tqu "De","Der schwarze Angriff sieht gefährlich aus. Gibt es
noch eine Rettung ?","","","e5c3","und auf einmal hat Schwarz keinen Angriff
mehr !",8]} 49. Bc3 $3 Nd6 (49... h3+ 50. Kh2 Nd6 51. Qe6 $18) 50. Qe6 Kb8 51.
Qd7 h3+ 52. Kh2 Qg8 53. Kxh3 $18) 49. Qxd2 Nxd2 50. Bc7 Qg8 $2 ({Fritz3 gibt} 
50... Ne4 $3 {als zum Remis führend an:} 51. Rxe4 Qg8 $1 52. Kf2 Qf7 53. f6 Qd7
54. Re7 Qd2+ $11) 51. Rd3 $1 {Plötzlich ist es wegen der prekären Lage des
schwarzen Monarchen schwer geworden, die Stellung zu halten.} c4 (51... Nc4 52.
Rd8+ Qxd8 53. Bxd8 Ne3+ 54. Kh3 Nxf5 55. Bc7 $1 $18) 52. Rd8+ $18 (52. Rxd2 $2
c3 53. Re2 h4 $17) 52... Qxd8 53. Bxd8 {Hecht [#] In a position characterized
by passed pawns, the very poor position of Black's king decides in favor of
White. [#] Bei der von Freibauern geprägten Position entscheidet die sehr
schlechte schwarze Königsstellung zugunsten von Weiß.} c3 54. Bf6 c2 55. Bb2
Nc4 56. Bc1 Nd6 57. f6 Kb8 58. Kh3 Kc8 59. Kh4 Kd7 60. Kxh5 Ke6 61. Kg6 Nf5 62.
g4 Nh4+ 63. Kg7 1-0

[Event "Dos Hermanas"]
[Site "Dos Hermanas"]
[Date "1997.04.08"]
[Round "6"]
[White "Short, Nigel D"]
[Black "Salov, Valery"]
[Result "1-0"]
[WhiteElo "2690"]
[BlackElo "2665"]
[Annotator "Mueller,Karsten"]
[PlyCount "125"]
[EventDate "1997.04.01"]
[EventType "tourn"]
[EventRounds "9"]
[EventCountry "ESP"]
[EventCategory "19"]
[SourceTitle "CBM 059"]
[Source "ChessBase"]
[SourceDate "1997.08.01"]
[SourceVersion "1"]
[SourceVersionDate "1997.08.01"]
[SourceQuality "1"]

1. e4 d5 2. exd5 Qxd5 3. Nf3 Bg4 4. Be2 Nc6 5. O-O {hält d4 vorerst zurück, um
Schwarz nicht so viele Angriffspunkte zu geben.} (5. d4 O-O-O 6. Be3 ({zu} 6.
Nc3 Qh5 7. O-O e5 {siehe den Survey von M.Wahls im CBM 58}) 6... Nf6 7. O-O Qh5
8. h3 e5 9. hxg4 Nxg4 10. Nh4 f5 11. Bxg4 fxg4 12. g3 exd4 13. Bc1 g5 14. Ng2
Ne5 15. f4 gxf3 16. Ne1 f2+ {0-1 Vujmilovic,N-Rumiancev,G/Pula op 1990/TD 90\01
}) (5. h3 Bxf3 6. Bxf3 Qe6+ 7. Qe2 Qxe2+ 8. Bxe2 O-O-O $11 {Lamoureux,C-Prie,E/
Nice 1994/EXP 40/1/2-1/2 (56)}) 5... O-O-O 6. h3 (6. d3 Nf6 (6... e5 7. Nc3 Qd7
8. Re1 f6 9. Be3 Nge7 10. Nd2 h5 $15 {0-1 Braun,G-Wahls,M/GER-CupT 1992/BIG 90
(28)}) 7. Nc3 Qh5 8. h3 Bxh3 9. gxh3 Qxh3 10. Nh2 e6 11. f4 Bc5+ 12. Kh1 Nd4
13. Rf3 Qh4 14. Qf1 Ng4 15. Qh3 Nf2+ 16. Rxf2 {0-1 Kristensen,B-Fries Nielsen,
N/DEN-ch Aarhus 1981/MCD-ch}) 6... Bxf3 (6... Bh5 7. Nc3 Qd7 8. d3 Nf6 9. Bf4
e6 10. Ne5 Bxe2 11. Qxe2 Nxe5 12. Qxe5 Bd6 $11 {0-1 Siepenkoetter,A-Bandza,A/
Munich op9192 1992/TD 92\03 (27)}) 7. Bxf3 Qd7 8. c3 Ne5 (8... e5 9. Re1 Nge7
10. b4 Ng6 11. Qa4 $13) 9. d4 Nxf3+ 10. Qxf3 Nf6 11. Nd2 Qd5 12. Qe2 e6 13. Nf3
Bd6 14. Re1 Qh5 15. c4 c6 16. Qe3 $5 {zielt nach a7, erschwert g7-g5 und
ermöglicht Ne5 ohne Damentausch.} Nd7 17. Bd2 Rhg8 18. b4 g5 $6 19. Nxg5 Bc7
20. Kf1 Rg7 21. Ne4 Rdg8 22. g4 Qh4 23. Qh6 Qd8 $6 (23... Qxh6 24. Bxh6 Rg6 25.
g5 $14) 24. Bf4 f5 25. gxf5 exf5 26. Bxc7 Rg1+ 27. Ke2 Rxe1+ 28. Rxe1 Qe7 (
28... Qxc7 $2 29. Nd6+ Kb8 30. Qxh7 $18) 29. Kf1 fxe4 30. Bg3 Qf7 (30... Qxb4
31. Qe6 Qf8 32. Rxe4 $18) 31. Qd6 $1 $18 Rxg3 32. Qxg3 Qxc4+ 33. Kg2 Nf6 34.
Qd6 Qf7 35. b5 Qg6+ 36. Kf1 Qf5 37. Kg1 Qg5+ 38. Kh2 Qf5 39. Re2 Qxb5 40. Qe6+
Kc7 41. Qe5+ Kd7 42. Re3 Qxe5+ 43. dxe5 Nd5 44. Rxe4 b5 45. Rh4 c5 46. Rxh7+
Ke6 47. Rxa7 c4 48. h4 c3 49. Ra6+ Kxe5 50. h5 b4 51. h6 c2 52. h7 c1=Q 53.
h8=Q+ Ke4 54. Re6+ Kd3 55. Qh7+ Kd4 56. Qg7+ Kd3 57. Qg3+ Kd4 58. Qe5+ Kc5 59.
Rd6 $1 {Macht sich die Sache einfach, weil Schwarz nun die gewinnbringende
Abwicklung ins Bauernendspiel oder den Damentausch nicht verhindern kann.} Qd2
(59... Qf4+ 60. Qxf4 Nxf4 61. Rd2 $18) 60. Rxd5+ Qxd5 61. Qxd5+ Kxd5 62. Kg3 (
62. f4 Ke4 63. Kg3 Kf5 64. Kf3 Kf6 65. Ke4 Ke6 66. Kd4 Kf5 67. Kc4 Kxf4 68.
Kxb4 $18) 62... Kd4 63. f4 $1 1-0

[Event "Hastings 9798"]
[Site "Hastings"]
[Date "1998.01.03"]
[Round "5"]
[White "Tkachiev, Vladislav"]
[Black "Rausis, Igors"]
[Result "1-0"]
[WhiteElo "2615"]
[BlackElo "2490"]
[Annotator "Mueller,Karsten"]
[PlyCount "155"]
[EventDate "1997.12.29"]
[EventType "tourn"]
[EventRounds "9"]
[EventCountry "ENG"]
[EventCategory "13"]
[SourceTitle "CBM 063"]
[Source "ChessBase"]
[SourceDate "1998.03.26"]
[SourceVersion "1"]
[SourceVersionDate "1998.03.26"]
[SourceQuality "1"]

1. e4 d5 2. exd5 Nf6 3. Nf3 Nxd5 4. d4 Bf5 5. Nh4 Be4 $2 {verliert in der
Folge ein ganzes Tempo verglichen mit Rowson-Arkell} (5... Bc8 6. Nf3 Bf5 7.
Nh4 Bc8 8. g3 g6 9. Bg2 Bg7 10. O-O O-O 11. c3 c6 12. Na3 Nd7 $11 {Pedzich,
D-Kaminski,M/POL-ch 1996/CBM 53/1/2-1/2 (51)}) (5... Be6 $6 6. Be2 g6 7. c4 Nb6
8. d5 Bc8 9. Qd4 f6 10. Nf3 $14 {Zvjaginsev,V-Mellado,J/Barbera op 1996/EXT
96op2/1-0 (50)}) (5... Bg6 6. Nd2 e6 7. Nxg6 hxg6 8. Nf3 Nd7 9. g3 c6 (9... c5
$5 10. dxc5 Bxc5 11. Bg2 $14 {(Jacoby)}) 10. Bg2 $14 {Rowson,J-Arkell,K/
Edinburgh Challenge m 1996/CBM 57/[Jacoby]/1-0 (48)}) 6. Nd2 Bg6 (6... e5 7.
Nxe4 Qxh4 8. Bd3 (8. Qf3 Qe7 $14) 8... Qe7 9. O-O $14) 7. g3 c6 8. Bg2 e6 9.
Nxg6 hxg6 10. Nf3 Be7 11. Qe2 Nd7 12. h4 Bb4+ 13. Kf1 $1 ({Natürlich nicht} 13.
c3 $2 Nxc3 $17) 13... Be7 14. c4 N5f6 15. Bd2 Qb6 16. b4 a5 (16... Bxb4 $4 17.
Rb1 a5 18. a3 $18) 17. c5 Qc7 18. b5 Nd5 19. b6 $16 {Weiß hat das Läuferpaar,
viel mehr Raum an beiden Flügeln und Schwarz kann nichts Aktives unternehmen
-> eine Alptraumstellung für Schwarz...} Qd8 20. Re1 Kf8 21. Bh3 Bf6 22. Kg2
Qe7 23. Qc4 Kg8 24. Re2 Nf8 25. Rhe1 Qd7 26. Re4 Ne7 27. Kg1 Qd5 28. Qa4 Nf5
29. Bf1 Qd7 (29... Rd8 30. Bc3 $16) 30. Bf4 Ne7 31. Qc2 Rh5 32. Bc4 (32. g4
Rxh4 33. Bg3 Rh8 34. g5 $16 {war Weiß wohl zu unübersichtlich. Er braucht sich
auf derartige Aktionen ja auch gar nicht einzulassen.}) 32... Nd5 33. Bd2 Rf5
34. Kg2 Rh5 35. Bc1 Qd8 36. Qb3 Qd7 37. Qd3 Rh8 38. Qc2 Nb4 39. Qb3 Nd5 40. Bd2
Qd8 41. Qb1 Qc8 42. Qc1 Bd8 43. R4e2 Nd7 44. Bd3 Bf6 45. Rh1 Nf8 46. Qb1 Qd7
47. a4 Ne7 48. Re4 Nf5 49. Be3 Ne7 (49... Nxe3+ $5 {um die gedrückte Stellung
wenigstens etwas zu entlasten} 50. fxe3 Qe7 $16) 50. Bc4 Nd5 51. Bd2 Qc8 52.
Qe1 {nach langem Manövrieren wird nun auf a5 die Ernte eingefahren} Bd8 53.
Bxa5 Nd7 54. Bb3 N7f6 55. Re2 Ng4 56. Bd2 Nh6 57. a5 Nf5 58. Bc4 Bf6 59. Re4
Qd8 60. Qa1 Be7 61. Rd1 Nf6 62. Ree1 Nd7 63. Bg5 Bf6 64. Qa4 Nb8 65. d5 $1 {
diese Öffnung der Mitte bringt die endgültige Entscheidung} exd5 66. Bxd5 cxd5
$2 {Verzweiflung} 67. Re8+ Kh7 68. Rxd8 Rxd8 69. Ne5 Bxe5 70. Bxd8 Nc6 71. Rxd5
f6 (71... Rxd8 72. Rxd8 Nxd8 73. c6 Nxc6 74. a6 $18) 72. Bc7 Rxa5 73. Qc4 Ra3
74. Bxe5 fxe5 75. Rd3 Ra5 76. Rd7 Ra3 77. Qf7 e4 78. h5 1-0

[Event "ARG-ch"]
[Site "Buenos Aires"]
[Date "1998.04.24"]
[Round "9"]
[White "Malbran, Guillermo"]
[Black "Slipak, Sergio"]
[Result "1-0"]
[WhiteElo "2355"]
[BlackElo "2510"]
[Annotator "Mueller,Karsten"]
[PlyCount "49"]
[EventDate "1998.04.15"]
[EventType "tourn"]
[EventRounds "15"]
[EventCountry "ARG"]
[EventCategory "9"]
[SourceTitle "CBM 065"]
[Source "ChessBase"]
[SourceDate "1998.08.06"]
[SourceVersion "1"]
[SourceVersionDate "1998.08.06"]
[SourceQuality "1"]

1. e4 d5 2. exd5 Nf6 3. d4 Bg4 4. Nf3 Qxd5 5. Be2 Nc6 6. h3 Bh5 $6 (6... Bxf3
7. Bxf3 Qd7 (7... Qe6+) (7... Qd6 8. c3 O-O-O 9. O-O e5 10. Qb3 (10. dxe5 $6
Nxe5 11. Bf4 Qxd1 12. Bxd1 Nd3 $15 {1-0 Nemirovski,S-Chaplin,E/Paris-ch 1992/
EXT 92ch (27)}) 10... exd4 11. cxd4 Qe6 12. Be3 $6 {1/2-1/2 Magem Badals,
J-Arizmendi Martinez,J/Pamplona 9798 1997/CBM 63/[Mueller,Karsten] (20) danach
hat Weiß keinerlei Vorteil, er hätte meines Erachtens} (12. Qxe6+ fxe6 13. Bxc6
bxc6 14. Be3 $14 {[%csl Ya7,Yc6,Yc7,Ye6][%cal Gc1c6] versuchen sollen.})) (7...
Qxd4 $4 8. Bxc6+ $18) 8. O-O (8. c3 e5 9. O-O exd4 10. Re1+ Be7 11. cxd4 Nxd4
12. Bxb7 Rb8 13. Ba6 O-O 14. Nc3 $14 {Fernandes,A-Damaso,R/POR-ch plof 1992/
EXT 92ch/1-0 (61)}) 8... O-O-O 9. c3 e5 10. Qb3 (10. Bg5 exd4 11. Qa4 $2 (11.
Bg4 Nxg4 12. Bxd8 Nxf2 13. Rxf2 Kxd8 $13) 11... Ne5 12. Qxd7+ Rxd7 $17 {
0-1 Fernandez,E-Vandevoort,P/EUchJ Arnhem 1987/EXT 87ch (54)}) 10... e4 11. Be2
a6 $6 (11... Nd5 12. Nd2 Re8 13. Qc2 f5 14. Nc4 $14 {/\ b4, a4, b5-><<}) 12.
Qc2 $14 {Perez,R-Sariego,W/Bayamo 1996/Inf 68/[Nogueiras,J] (19)}) 7. O-O (7.
c4 $5 Qd6 8. d5 Bxf3 9. Bxf3 Ne5 10. O-O Qd7 (10... g6 11. b3 Bg7 12. Ba3 c5
13. Nc3 $14 {1/2-1/2 Relange,E-Gouret,T/FRA-chT 1992/EXT 92ch2 (29)}) 11. Qe2
Nxf3+ 12. Qxf3 g6 13. Nc3 Bg7 14. Re1 O-O 15. Bg5 $14 {1/2-1/2 Mainka,R-Rogers,
I/Prague Chip 1992/CBM 27 (22)}) 7... O-O-O 8. c3 e6 ({Nach} 8... e5 $6 9. Nxe5
Bxe2 (9... Nxe5 10. Bxh5 Nxh5 11. Qxh5 $16) 10. Qxe2 Nxe5 11. dxe5 {dürfte
Schwarz keine ausreichende Kompensation für den Bauern haben.}) 9. b4 Be7 10.
Nbd2 g5 $6 11. b5 Nb8 (11... Na5 12. Qa4 b6 13. Nb3 $40) 12. g4 $1 Bg6 (12...
Nxg4 $6 13. hxg4 Bxg4 14. Ne5 Bxe2 15. Qxe2 $16) 13. Ne5 c5 (13... Nfd7 $2 14.
Bf3 Qxb5 15. Nxg6 hxg6 16. Rb1 $18) 14. bxc6 Nxc6 15. Bf3 Qb5 16. Bxc6 bxc6 17.
Qb3 Kc7 $6 18. Ba3 $1 Nd5 $2 (18... Ng8 $2 19. Bxe7 Nxe7 20. Qa3 Nc8 21. Rab1
Bxb1 22. Rxb1 Qd5 (22... Qxe5 23. dxe5 Rxd2 24. Qa5+ $18) 23. Qa6 $18) (18...
Bd6 $1 19. Bxd6+ Rxd6 20. Qa3 Ra8 $14 {/+/-}) 19. c4 $18 Qxb3 (19... Qa5 20.
cxd5 Qxa3 (20... Bxa3 21. Ndc4 $18) 21. Rfc1 Qxb3 22. axb3 $18) (19... Qa6 $5
20. cxd5 Bxa3 21. Ndc4 $18) 20. axb3 Bxa3 21. Rxa3 Nb4 22. Rxa7+ Kb6 23. Rfa1
Rxd4 $6 (23... c5 24. Ndf3 f6 (24... cxd4 $6 25. c5+ Kxc5 26. R1a5+ Kb6 27.
Nc4+ Kc6 28. Nfe5#) 25. R1a5 Rxd4 26. Nxd4 fxe5 27. Nxe6 $18) 24. c5+ Kxc5 25.
R1a5+ (25. R1a5+ Kb6 (25... Kd6 26. Rd7#) 26. Ndc4+ Rxc4 27. Nxc4#) 1-0

[Event "Mermaid Beach Club"]
[Site "Bermuda"]
[Date "1999.01.29"]
[Round "9"]
[White "Thorhallsson, Throstur"]
[Black "Forster, Richard"]
[Result "0-1"]
[WhiteElo "2499"]
[BlackElo "2468"]
[Annotator "Mueller,Karsten"]
[PlyCount "56"]
[EventDate "1999.01.21"]
[EventType "tourn"]
[EventRounds "13"]
[EventCountry "BER"]
[EventCategory "9"]
[SourceTitle "CBM 069"]
[Source "ChessBase"]
[SourceDate "1999.04.01"]
[SourceVersion "1"]
[SourceVersionDate "1999.04.01"]
[SourceQuality "1"]

1. e4 d5 2. exd5 Qxd5 3. d4 Nc6 4. Be3 e5 5. Nc3 Bb4 6. Qd2 Bxc3 (6... exd4 $4
7. Nxd5 dxe3 8. Qxb4 $18) 7. bxc3 Nf6 8. c4 Qd6 (8... Qe4 $5 9. f3 Qg6 10. d5
Ne7 11. Bc5 Nd7 12. Bd3 $2 (12. Ba3 $142) 12... Qf6 13. Bb4 $2 e4 14. Bc3 e3
$19 {0-1 Fuentes,A-Ravazzoli,O/Martinez Valle 1993/EXT 97 (54)}) 9. d5 Nd4 $146
(9... Ne7 10. Ne2 Ne4 11. Qd3 Bf5 12. Qb3 O-O 13. Ng3 $13 {1-0 Adamek,F-Spal,M/
Klatovy 1996/EXT 97 (32)}) 10. f3 (10. Bxd4 $6 exd4 11. Nf3 (11. Qxd4 O-O 12.
Be2 Re8 $36) 11... O-O 12. Nxd4 Re8+ 13. Be2 Ne4 $36) 10... O-O 11. g4 {
Weiß kreist systematisch den Springer d4 ein, doch der opfert sich einfach} Re8
12. c3 Bd7 13. h3 (13. cxd4 $2 exd4 14. Qxd4 Rxe3+ 15. Qxe3 Re8 16. Qxe8+ Nxe8
$36) 13... c6 14. Kf2 (14. Bf2 $5) 14... Nxf3 $3 {[%mdl 512] nutzt die Gunst
der Stunde, um den weißen König in möglichst große Probleme zu bringen.} 15.
Kxf3 (15. Nxf3 $4 Ne4+ $19) 15... cxd5 16. cxd5 Nxd5 (16... Bc6 $5 17. Bg2 (17.
dxc6 $2 Qxc6+ 18. Ke2 Qxh1 $17) (17. c4 $2 Nxd5 18. cxd5 Qxd5+ 19. Qxd5 Bxd5+
20. Kg3 Bxh1 21. Nf3 $17) 17... Nxd5 18. Kf2 (18. Kg3 Rad8 $44) 18... Qf6+ 19.
Kg3 Nf4 $44) 17. Kg3 h5 ({erneut kam} 17... Bc6 $5 {stark in Betracht.}) 18.
Ne2 $6 (18. Bc4 $5 e4+ (18... Bc6 $2 19. Bxd5 Qxd5 (19... Bxd5 20. Rd1 $16) 20.
Qxd5 Bxd5 21. Nf3 $16) 19. Kf2 (19. Bf4 $2 Qxf4+ 20. Qxf4 h4+ $17) 19... Re5 (
19... Qf6+ 20. Kg2 $13) 20. Rd1 Bc6 $13) (18. Bg2 $6 e4+ 19. Kf2 Qf6+ 20. Ke1
hxg4 $40) 18... hxg4 19. hxg4 Qg6 20. g5 $2 (20. Bg2 Bxg4 (20... Nxe3 21. Qxe3
Bxg4 22. Kf2 Rad8 $13) (20... Qxg4+ 21. Kf2 Nxe3 22. Qxe3 $14) 21. Bxd5 Rad8 (
21... Bxe2+ 22. Kf2 $14 {/+/-}) 22. Kf2 $13) (20. Rh4 Nf6 21. Bg2 Bxg4 22. Kf2
$13) 20... Qe4 $1 $19 21. Bg1 Qxh1 22. Bg2 Qh5 23. Bxd5 e4 24. Qf4 {[%tqu "De",
"Schwarz zieht und gewinnt","der weiße König steht sehr gefährdet...","es ist
ein Turmzug","e8e5","gegen dieses Eingreifen des Turmes ist Weiß ohne
Verteidigung",6,"h5e2","",-2]} Re5 $1 (24... Qxe2 $4 25. Bxf7+ Kf8 26. Be6+ Ke7
27. Qf7+ Kd6 28. Qxd7+ Ke5 29. Bd4#) 25. Bxe4 (25. Qxe5 $2 Qf3+ 26. Kh2 Qh3#)
25... Rae8 26. Bf3 Qh3+ 27. Kf2 Rf5 28. Qg3 Rxe2+ 0-1

[Event "New York op"]
[Site "New York"]
[Date "1998.03.17"]
[Round "4"]
[White "Kudrin, Sergey"]
[Black "Burnett, Ronald"]
[Result "1-0"]
[WhiteElo "2565"]
[BlackElo "2400"]
[Annotator "Mueller,Karsten"]
[PlyCount "51"]
[EventDate "1998.03.16"]
[EventType "swiss"]
[EventRounds "9"]
[EventCountry "USA"]
[SourceTitle "CBM 064"]
[Source "ChessBase"]
[SourceDate "1998.06.02"]
[SourceVersion "1"]
[SourceVersionDate "1998.06.02"]
[SourceQuality "1"]

1. e4 d5 2. exd5 Nf6 3. Nf3 Nxd5 4. d4 g6 5. Be2 Bg7 6. O-O c6 7. Re1 (7. c4
Nf6 8. Nc3 O-O 9. h3 Nbd7 10. Bf4 $14 {Abendroth,G-Granitzki,W/WchS Wildbad
1993/EXT 93ch/1-0 (63)}) 7... O-O 8. c3 (8. Nbd2 Nd7 9. Ne4 Qc7 10. Bf1 Rd8 11.
h3 N7f6 12. Qe2 Re8 13. Nxf6+ {1/2-1/2 Marciano,D-Stefansson,H/Reykjavik
FRA-ISD 1993/CBM 35}) (8. c4 Nf6 9. Nc3 Bg4 10. h3 Bxf3 11. Bxf3 e6 12. Bg5 Qb6
13. Qd2 Nbd7 14. Rad1 $14 {Short,N-Adams,M/Brussels SWIFT rapid 1992/EXP 29/1/
2-1/2 (68)}) (8. Na3 Qc7 9. c3 Nd7 10. Nc4 c5 11. Bf1 cxd4 12. Nxd4 N7f6 13.
Ne5 Rd8 14. Qf3 a6 15. g4 e6 16. Bg5 b5 17. Bg2 Bb7 $132 {1/2-1/2 Hebden,
M-Hodgson,J/London Lloyds 1991/TD 91\08 (44)}) 8... Nd7 9. Bc4 N5b6 10. Bb3 c5
$2 (10... Nf6 11. Qe2 Re8 12. Ne5 Nfd5 13. Nd2 $14) 11. Bg5 $1 Bf6 (11... Re8
12. dxc5 Nxc5 13. Qxd8 Rxd8 14. Bxe7 Nxb3 15. axb3 $16) (11... Nf6 12. dxc5
Nbd7 13. Na3 Nxc5 14. Qxd8 Rxd8 15. Rxe7 $16) 12. Bxf6 exf6 (12... Nxf6 $6 13.
dxc5 Nbd7 14. Qd4 $16 (14. Bc2 $2 Nxc5 15. Qxd8 Rxd8 16. Rxe7 Ne6 $1 17. Ne5
Nd5 18. Rxf7 Ng5 19. Rf3 $13)) 13. a4 a5 {hinterläßt auf b5 ein gräßliches
Loch.} (13... Rb8 $5 14. a5 Na8 15. Nbd2 $16) 14. Na3 Qc7 $6 15. Nb5 Qf4 $2 (
15... Qd8) 16. g3 $18 Qg4 17. Nd6 cxd4 18. cxd4 Nb8 19. Nxf7 Qh5 20. Re7 Nd5
21. N7g5 fxg5 22. Bxd5+ Kh8 23. Ne5 g4 24. Qe2 Nc6 25. Nf7+ Kg8 26. Ng5+ 1-0